Statistiques concernant Harry Potter: la Forêt interdite

Cliquez ici pour prendre le quiz!

Statistiques générales

  • Ce quiz a été pris 98 fois
  • Le résultat moyen est 8 sur 13

Statistiques - réponses

InformationRéponse% Correct
Derniere apparitionHarry Potter et les Reliques de la Mort
99%
Première apparitionHarry Potter à l'école des sorciers
98%
Résidents (troupeau)Centaures
96%
LocalisationDans l'enceinte de Poudlard et en dehors
96%
Résidents (troupeau)Licornes
85%
Résidents (colonie)Accromentules
84%
Résident (personnage)Graup
74%
Résident (voiture)Ford Anglia
59%
Résidents (élevage)Sombrals
57%
Résidents (troupeau)Hippogriffes
35%
RésidentsLoups-garous
32%
Résident (personnage)Touffu
12%
RésidentsTrolls
11%

Distribution des résultats

Percentile par nombre de réponses

% des personnes avec chaque résultat

Votre développement - résultats

Vous n’avez pas pris ce quiz